000 00492pab a2200181 454500
008 180718b2010 xxu||||| |||| 00| 0 eng d
100 _aTripathi, Tulika
245 _aDiscrimination among the discriminated: Evidences from national family health survey-3
260 _c2010
300 _ap.547-556.
362 _aJul-Sep
650 _aWomen
650 _aSex discrimination
700 _aMishra, N.K.
773 _aIndian Journal of Labour Economics
908 _aN
909 _a90788
999 _c90788
_d90788